Govt. of
Madhya Pradesh

Art, Culture And Spiituality (Record no. 49341)

MARC details
000 -LEADER
fixed length control field 003480000a22001570004500
001 - CONTROL NUMBER
control field 000034
003 - CONTROL NUMBER IDENTIFIER
control field MACL
040 ## - CATALOGING SOURCE
Original cataloging agency MACL
090 ## - LOCALLY ASSIGNED LC-TYPE CALL NUMBER (OCLC); LOCAL CALL NUMBER (RLIN)
-- 34
-- 34
100 ## - MAIN ENTRY--PERSONAL NAME
Personal name Atmaramananda, Swami
245 ## - TITLE STATEMENT
Title Art, Culture And Spiituality
Statement of responsibility, etc. Swami Atmaramananda
260 ## - PUBLICATION, DISTRIBUTION, ETC. (IMPRINT)
Place of publication, distribution, etc. Advata Ashram,
Date of publication, distribution, etc. 1997
350 ## - PRICE (NR) (BK AM CF MU VM SE) [OBSOLETE]
Price 125
650 ## - SUBJECT ADDED ENTRY--TOPICAL TERM
Topical term or geographic name as entry element Philosophy
942 ## - ADDED ENTRY ELEMENTS (KOHA)
Call number prefix 100
Koha item type Library Membar

No items available.